LIBRARY & INFORMATION CENTRE, KCAET, TAVANUR

ONLINE PUBLIC ACCESS CATALOGUE (OPAC)

Sahityaman- part-10 / (Record no. 3865)

MARC details
000 -LEADER
fixed length control field 00464cam a2200181ua 4500
041 ## - LANGUAGE CODE
Language code of text/sound track or separate title mal
082 ## - DEWEY DECIMAL CLASSIFICATION NUMBER
Classification number 894.8121
Item number SRE/SA
100 ## - MAIN ENTRY--AUTHOR NAME
Personal name Sreedharamenon, Vallathol .
245 ## - TITLE STATEMENT
Title Sahityaman- part-10 /
250 ## - EDITION STATEMENT
Edition statement 1 /
260 ## - PUBLICATION, DISTRIBUTION, ETC. (IMPRINT)
Place of publication Cheruthuruthy :
Name of publisher Vallathol Granthalayam ,
Year of publication 1964.
300 ## - PHYSICAL DESCRIPTION
Number of Pages 113 ; .
942 ## - ADDED ENTRY ELEMENTS (KOHA)
Koha item type Books
Holdings
Withdrawn status Lost status Damaged status Home library Current library Date acquired Full call number Accession Number Koha item type
Withdrawn     KAUAET Malayalam University 07/04/2012 894.8121 9056 Books
free website counter